Guess the Taylor Swift song without hints #1 - Statistics

General Stats
  • This quiz has been taken 49 times
  • The average score is 171 of 307
Answer Stats
Answers % Correct
I
94%
I,
94%
you
88%
You
88%
me,
85%
me
85%
the
85%
we
82%
We
82%
And
79%
and
79%
be
79%
"no"
74%
your
74%
my
71%
on
71%
so?
71%
to
71%
in
68%
In
68%
are
65%
don't
65%
I'm
65%
It
65%
it
65%
by
62%
know
62%
know,
62%
of
62%
you're
62%
Been
59%
been
59%
But
59%
For
59%
never
59%
were
59%
Would
59%
good,
56%
have
56%
her
56%
if
56%
If
56%
now
56%
"yes"
56%
at
53%
had
53%
it's
53%
one
53%
saw
53%
some
53%
think
53%
though
53%
up
53%
all
50%
baby
50%
bus
50%
could've
50%
didn't
50%
everything
50%
new
50%
should've
50%
this
50%
thought
50%
doing
47%
night
47%
something,
47%
time
47%
with
47%
would've
47%
fun
44%
made
44%
really
44%
thing
44%
well
44%
alone
41%
dream
41%
instead
41%
loves
41%
over
41%
saying
41%
shit
41%
stop,
41%
wanted
41%
ask
38%
came
38%
day
38%
true
38%
defense,
35%
home
35%
meet
35%
none
35%
take
35%
enough
32%
family
32%
gonna
32%
greatest
32%
leaving
32%
own
32%
pennies
32%
pool
32%
showed
32%
tossing
32%
woman
32%
cool
29%
different
29%
films
29%
hit
29%
Roaring
29%
today?
29%
wishes
29%
20s,
26%
another
26%
count
26%
grow
26%
internet
26%
making
26%
numbers,
26%
painted
26%
resist
26%
Sunday
26%
sweet
26%
temptation
26%
waking
26%
alright
24%
chosen
24%
ground
24%
guess
24%
matinée
24%
persist
24%
running
24%
adventures
21%
bleed,
21%
each
21%
Having
21%
digging
18%
grave
18%
(Ooh)
18%
flowing
15%
Rosé
15%
No matching quizzes found
Score Distribution
Percent of People with Each Score
Percentile by Number Answered
Your Score History
You have not taken this quiz